| 000 | 00875nam a2200289 i 4500 | ||
|---|---|---|---|
| 003 | EG-GICUC | ||
| 005 | 20260412083503.0 | ||
| 008 | 260412r1978 sz ||||fr|||| 001 0 eng d | ||
| 040 |
_aEG-GiCUC _beng _cEG-GiCUC _dEG-GiCUC _erda |
||
| 041 | 0 | _aeng | |
| 082 | 0 | 4 |
_221 _a341.48 _bBE . A |
| 092 | 0 | 4 | _221 |
| 099 | _aLaw1 11 341.48 BE . A 1978 | ||
| 100 | 1 |
_aBello,Emmanuel G. _eAuthor. |
|
| 245 | 1 | 0 |
_aAfrican Customary Humanitarian Law / _cEmmanuel G.Bello. |
| 264 |
_aGeneva : _bOyez Publishing Limited , _c1978. |
||
| 300 |
_a157 Pages; _c24 cm. |
||
| 336 |
_2rda content _atext |
||
| 337 |
_2rda media _aComputer |
||
| 338 |
_2rda carrier _aOnline Resource |
||
| 546 | _aText in English | ||
| 650 | 1 | _aPublic International Law | |
| 650 | 1 | _aHuman Rights | |
| 856 | 4 | 0 | _uhttps://fll.law.cu.edu.eg/fulltext/bks/B11-09795.pdf |
| 905 | _a59 | ||
| 942 |
_2ddc _cBK _e21 _n0 |
||
| 999 |
_c70138 _d70138 |
||